Rulfo: la soledad creadora

Na minha lista:
Detalhes bibliográficos
Main Authors: Peralta, Violeta (Author), Befumo Boschi, Liliana (Author)
Formato: Livro
Idioma:espanhol
Publicado em: Buenos Aires Fernando García Cambeiro 1975
Colecção:Colección Estudios Latinoamericanos, 16
Assuntos:
Tags: Adicionar Tag
Sem tags, seja o primeiro a adicionar uma tag!

MARC

LEADER 00000nam a2200000 a 4500
001 UCT6809
003 CL-VaPUC
008 970113e19750000AG |||||||||||||||||spa|d
082 0 4 |a Me863.09  |b PER  |2 21 
100 0 |a Peralta, Violeta  |e author  |9 377046 
700 0 |a Befumo Boschi, Liliana  |e author  |9 377047 
245 1 0 |a Rulfo: la soledad creadora 
300 |a 245 p 
942 |c BK 
945 |d 19970113 00:00:00  |a nastorga 
260 |a Buenos Aires  |b Fernando García Cambeiro  |c 1975 
600 0 7 |a RULFO, JUAN  |2 CL-VaPUC  |9 318391 
650 7 |a NOVELA MEXICANA  |2 CL-VaPUC  |9 345426 
650 0 |a Lenguaje   |9 265069 
650 0 |a Crítica e interpretación   |9 255042 
650 0 |a Metodología   |9 256610 
583 |a last modification  |c 19970113 00:00:00  |k Rodrigo Vera 
490 0 |a Colección Estudios Latinoamericanos, 16 
999 |c 255480  |d 255478 
952 |0 0  |1 0  |4 0  |6 ME_863_090000000000000_PER_1975  |7 0  |8 A  |9 277723  |a BIBEDU  |b BIBEDU  |d 2019-11-19  |i 3268527  |o Me863.09 PER 1975  |p 3268527  |r 2019-11-19  |w 2019-11-19  |y BK  |k LIT